000 00703nam a2200217 i 4500
001 9295
003 ES-MaACL
005 20250405233636.0
007 t|
008 930727s1978 xxu ||||1| eng d
020 _a0-8173-9604-7
080 _a86(Panero,L.1.08)
100 1 _aRuiz-Fornells, Enrique.
_9100801
245 1 2 _aA Concordance to the poetry of Leopoldo Panero /
_ccompiled, and with an introduction, by Enrique Ruiz-Fornells.
260 _aAlabama :
_bThe University of Alabama Press,
_ccop. 1978.
300 _a725 p. ;
_c28 cm.
600 1 4 _aPanero, Leopoldo,
_d1909-1962-
_xConcordancias
_988767
852 _aES-MaACL
_jL-16444
_bR.118149
942 _2udc
999 _c9295
_d9295